Olympischer Medaillenspiegel - Berlin 1936 - Statistiken

Allgemein
  • Dieses Quiz wurde 24 mal gespielt
  • Das Durchschnittsergebnis liegt bei 8 aus 10
Antwortstatistiken
Gold Silber Bronze Gesamt Land % Korrekt
33 26 30 89 Deutschland
100%
24 20 12 56 Vereinigte Staaten
100%
7 6 6 19 Frankreich
96%
8 9 5 22 Italien
83%
6 4 8 18 Japan
79%
6 4 7 17 Niederlande
71%
6 5 9 20 Schweden
67%
10 1 5 16 Ungarn
63%
1 9 5 15 Schweiz
58%
7 6 6 19 Finnland
54%
Keine übereinstimmenden Quizze gefunden
Verteilung der Resultate
Anzahl Personen mit jedem Resultat
Perzentil nach korrekt beantworteten Fragen
Ihre Resultats-Entwicklung
Sie haben dieses Quiz noch nicht gespielt